| 000 | 00837nam0a22002771 4500 | ||
|---|---|---|---|
| 001 | v19\rc\1917270 | ||
| 005 | 20251118180626.1 | ||
| 035 | _a(NLR Aleph) 005004660 | ||
| 090 |
_a6422930 _c6422930 |
||
| 100 | _a20080404d1912 u y0rusy50 ca | ||
| 101 | 1 |
_arus _cger |
|
| 102 | _aRU | ||
| 105 | _aa z ||||| | ||
| 200 | 1 |
_aМужественные женщины _eПер. с нем. _fЕ. Бергман |
|
| 210 |
_aКиев _cСолнце _d1912 |
||
| 215 |
_a168 с. _cил. _d23 |
||
| 316 |
_aЭкз. РНБ (37.75.4.9): деф.: отсутствуют с. 3-6 _5NLR: 37.75.4.9 |
||
| 700 | 1 |
_aБергман _bЕ. |
|
| 801 | 0 |
_aRU _bNLR _gpsbo |
|
| 801 | 0 |
_aRU _bRuMoRGB _2psbo |
|
| 801 | 1 |
_aRU _bProSoft-M _2rusmarc |
|
| 852 |
_aNLR _j37.75.4.9 |
||
| 899 |
_aRuMoRGB _jU 494/9 |
||
| 899 |
_aRuMoRGB _jU 404/289 |
||
| 942 | _cBOOK | ||
| 980 | _aNB | ||